000
00381nam a2200193Ia 4500
003
IT-RoPAU
008
120407s9999 xx 000 0 und d
040
_a
IT-RoPAU
040
_c
IT-RoPAU
041
_a
ita
100
_a
Annie Vivanti
245
_a
I divoratori.
260
_a
Mondadori
260
_c
1937
300
_c
cm
490
_v
1
942
_c
BK
999
_c
23685
_d
23685